Shah Bano controversy (Record no. 344295)

000 -LEADER
fixed length control field 00426cam a22001337a 4500
008 - FIXED-LENGTH DATA ELEMENTS--GENERAL INFORMATION
fixed length control field 180718b1987 xxu||||| |||| 00| 0 eng d
082 ## - DEWEY DECIMAL CLASSIFICATION NUMBER
Classification number G93x54 En23
245 ## - TITLE STATEMENT
Title Shah Bano controversy
Statement of responsibility, etc. edited by Asghar Ali Engineer
260 ## - PUBLICATION, DISTRIBUTION, ETC.
Place of publication, distribution, etc. Bombay
Name of publisher, distributor, etc. Orient Longman
Date of publication, distribution, etc. 1987
300 ## - PHYSICAL DESCRIPTION
Extent 242p.
650 ## - SUBJECT ADDED ENTRY--TOPICAL TERM
Topical term or geographic name entry element Support (Domestic relations law, Islamic) --India
650 ## - SUBJECT ADDED ENTRY--TOPICAL TERM
Topical term or geographic name entry element Desertion and non-support --India
700 ## - ADDED ENTRY--PERSONAL NAME
Personal name Engineer, Asghar Ali
Holdings
Withdrawn status Lost status Damaged status Not for loan Permanent Location Current Location Date acquired Full call number Barcode Date last seen Price effective from Koha item type
        Indian Institute of Public Administration Indian Institute of Public Administration 1993-10-03 G93x54 En23 62488 2018-07-21 2018-07-21 Book

Powered by Koha